Russian/Soviet style Tanks, APCs and IFVs - Statistics

General Stats
  • This quiz has been taken 176 times
    61 since last reset
  • The average score is 58 of 167
Answer Stats
Hint Answer % Correct
MBT T-72
95%
MBT T-90
93%
Light | MBT T-80
88%
IFV BMP-1
83%
IFV BMP-2
83%
MBT T-55
81%
IFV BMP-3
79%
Medium T-34
79%
MBT T-54
76%
MBT T-62
74%
MBT T-72B
71%
MBT T-90A
71%
Heavy IS-2
69%
MBT T-72A
69%
APC BTR 80
67%
Heavy IS-3
67%
Heavy KV-1
67%
Heavy KV-2
67%
MBT T-90M
67%
Heavy IS-1
64%
Heavy IS-4
64%
MBT T-80B
64%
Heavy IS-6
62%
Heavy IS-7
62%
MBT T-14
62%
MBT T-80U
62%
Medium T-44
60%
MBT T-55A
60%
Heavy IS-5
57%
IFV BMD-2
55%
IFV BMD-4
55%
SPG(Tank destroyers) SU-100
55%
Medium T-34 85
55%
MBT T-72B3
55%
APC BTR 60
52%
SPG(Tank destroyers) ISU-152
52%
MBT T80BV
52%
IFV BMD-1
50%
IFV BMD-3
50%
MBT T-54A
50%
MBT T-62A
50%
MBT T-80A
50%
MBT T-80BVM
50%
IFV BMP-2M
48%
Light BT-5
48%
SPG(Tank destroyers) SU-122
48%
Medium T-28
48%
Light T-60
48%
Light BT-7
45%
SPG(Tank destroyers) ISU-122
45%
SPG(Tank destroyers) SU-152
45%
SPG(Tank destroyers) SU-85
45%
Light T-70
45%
MBT T-80UD
45%
APC BTR 70
43%
APC BTR 82A
43%
Heavy T-10M
43%
Heavy T-35
43%
Light T-50
43%
MBT T-64B
43%
APC BTR 50
40%
APC BTR 90
40%
MBT T-54B
40%
MBT T-64A
40%
MBT T-72B2
40%
MBT T-72M1
40%
MBT T-84
40%
SPA 2S1Gvozdika
38%
APC BTR 80A
38%
SPG(Tank destroyers) SU-76
38%
MBT T-62M
38%
MBT T-90S
38%
APC BTR-4
36%
Heavy KV-85
36%
Light T-26
36%
MBT T-55AMD
36%
SPAA ZSU-23-4 Shilka
36%
Heavy KV-1S
33%
SPG(Tank destroyers) SU-100Y
33%
MBT T-72M2
33%
SPA 2S19 Msta
31%
RECON BRDM-2
31%
Medium T-44-100
31%
MBT T-80UK
31%
SPAA ZSU-57-2
31%
Light BT-2
29%
APC BTR 40
29%
Heavy T-10A
29%
Medium T-34 57
29%
MBT T-72AV
29%
SPG(Tank destroyers) ASU-57
26%
SPG(Tank destroyers) ASU-85
26%
IFV BMP-3M
26%
RECON BRDM-1
26%
APC BTR-3
26%
Heavy IS-2 1944
26%
Heavy KV-1E
26%
MBT T-62M-1
26%
MBT T-72M3
26%
SPAA ZSU-37-2 Yenisei
26%
IFV BMD-4M
24%
RECON BRDM-3
24%
Light/recon PT-76
24%
SPG(Tank destroyers) SU-85M
24%
MBT T-64BV
24%
MBT T-72AM
24%
MBT T-72B3M
24%
MBT T-72M4
24%
SPA 2S7 Pion
21%
IFV BMP-1P
21%
Heavy IFV BMPT-72
21%
Light BT-7M
21%
SPAA Pantsir-S1
21%
Light/tankette T-27
21%
MBT T-55AM-1
21%
MBT T-55AM-2
21%
SPA 2S35 Koalitsiya
19%
APC MT-LB
19%
Light T-18
19%
MBT T-72Ural
19%
Heavy IFV BMPT Terminator
17%
Medium T-28E
17%
Medium T-32
17%
SPAA 2S6 Tunguska
14%
IFV BMP-2D
14%
Light/recon PT-76B
14%
MBT PT.91
14%
Medium T-43
14%
SPG(Tank destroyers) Zis-30
14%
Armored Car BA-11
12%
Armored Car BA-6
12%
APC BTR 152
12%
Light/recon PT-76A
12%
SPG(Tank destroyers) SU-122-54
12%
MBT T-84U
12%
MBT Protodype T-95 (Object 195)
12%
SPA 2S3 Akatsiya
10%
Armored Car BA-3
10%
Armored Car BA-64
10%
Heavy IFV BMPT-62
10%
MBT Protodype Object 292
10%
SPAA osa-AKM
10%
SPAA Strela-1
10%
SPAA Strela 10
10%
light/tankette T-17
10%
MBT T-72B 1989
10%
MBT T-84 Oplot-M
10%
SPA 2S3M Akatsiya
7%
Armored Car BA-9
7%
IFV BMD-1P
7%
MBT M-84
7%
MBT Protodype Object 120
7%
MBT Protodype Object 140
7%
MBT Protodype Object 435
7%
MBT T-72AVM
7%
MBT T-84 Oplot-T
7%
Heavy IFV BMPT-64
5%
APC BTR-3E
5%
Heavy IFV BTR-T
5%
MBT M-55S
5%
Light T-126
5%
MBT Protodype T-14-152
5%
MBT T-64BM2 Bulat
5%
SPAA 9K37 BUK
2%
Light BT-2 D2
0%
Light Ft Renault
0%
No matching quizzes found
Score Distribution
Percent of People with Each Score
Percentile by Number Answered
Your Score History
You have not taken this quiz since the last reset